| 000 | 00739nam a2200241Ia 4500 | ||
|---|---|---|---|
| 003 | OSt | ||
| 005 | 20220926033954.0 | ||
| 006 | a|||||r|||| 00| 0 | ||
| 007 | ta | ||
| 008 | 220923b |||||||| |||| 00| 0 eng d | ||
| 037 | _cGeneral Book | ||
| 040 |
_aRTL _cRTL _beng |
||
| 041 |
_2eng _aeng |
||
| 082 | _aV43591:19.N7, L2 | ||
| 100 | _aYuan-Li Wu | ||
| 245 | 0 |
_aStrategic significance of Singapore _b A study in ba |
|
| 260 |
_aWashington _bA E I P P R _c1972 |
||
| 300 |
_a28p _ccm. |
||
| 490 | _aAmerican Enterprise Institute for Public Policy Research, Foreign Affairs Studies | ||
| 650 |
_aMalayasia History _9279213 |
||
| 942 |
_hV43591:19.N7, L2 _cGB _2CC |
||
| 999 |
_c658478 _d658478 |
||